| 000 | 00480nam a22001697a 4500 | ||
|---|---|---|---|
| 003 | OSt | ||
| 005 | 20160830141320.0 | ||
| 008 | 130731t xxu||||| |||| 00| 0 eng d | ||
| 050 |
_aPZ 7 _b.G761 19- |
||
| 082 |
_aKF _bG76mu 19 |
||
| 245 |
_aMasters of the universe: _cby John Grant; ill. by Robin Davies. _ba trap for he-man / |
||
| 260 |
_aLoughborough : _bLadybird Books, _cc19- - |
||
| 300 |
_a43 p.: _bcol. ill.; _c18 cm. |
||
| 562 | _e1 | ||
| 942 |
_2lcc _cBK |
||
| 999 |
_c8346 _d8346 |
||